A stylistic analysis of extracts from RK Narayan's short stories and essays /
Saved in:
| Main Author: | |
|---|---|
| Format: | Thesis Book |
| Language: | English |
| Published: |
1995.
|
| Subjects: | |
| Tags: |
Add Tag
No Tags, Be the first to tag this record!
|
| LEADER | 00829cam a2200229 a 4500 | ||
|---|---|---|---|
| 001 | u400093 | ||
| 003 | SIRSI | ||
| 008 | 960731s1995 si v 00 1 eng m | ||
| 035 | |a ACA-7937 | ||
| 040 | |a UMM | ||
| 090 | |a PR9499.3 |b N3ZChe | ||
| 100 | 0 | 0 | |a Chetra Sinnathamby. |
| 245 | 1 | 2 | |a A stylistic analysis of extracts from RK Narayan's short stories and essays / |c by Chetra d/o Sinnathamby. |
| 260 | |c 1995. | ||
| 300 | |a 124 leaves ; |c 30 cm. | ||
| 502 | |a Dissertation (M.A.) -- National University of Singapore, 1995. | ||
| 504 | |a Bibliography: leaves 113-115. | ||
| 600 | 1 | 0 | |a Narayan, R. K., |d 1906- |x Criticism and interpretation. |
| 600 | 1 | 0 | |a Narayan, R. K., |d 1906- |x Style. |
| 948 | |a 31/07/1996 |b 13/08/2002 | ||
| 596 | |a 1 | ||
| 999 | |a PR9499.3 N3ZCHE |w LC |c 1 |i A506132330 |d 2/6/2015 |e 2/6/2015 |l STACKS |m P01UTAMA |n 5 |r Y |s Y |t TESIS |u 27/9/1996 | ||
